|
|
|
|
| LEADER |
01640nam a2200421 a 4500 |
| 001 |
000632464 |
| 003 |
CZ BrMZK |
| 005 |
20100903141012.0 |
| 007 |
ta |
| 008 |
021023s2002 xr f cze d |
| 015 |
|
|
|a cnb001183195
|
| 020 |
|
|
|a 80-245-0315-8
|
| 035 |
|
|
|a (OCoLC)53273911
|
| 040 |
|
|
|a BOA001
|b cze
|
| 043 |
|
|
|a e-xr---
|
| 045 |
|
|
|a m-w-
|
| 072 |
|
7 |
|a 327
|x Mezinárodní vztahy, světová politika
|2 Konspekt
|9 15
|
| 080 |
|
|
|a 94(437.3)
|2 MRF
|
| 080 |
|
|
|a 327
|2 MRF
|
| 080 |
|
|
|a (093)
|2 MRF
|
| 100 |
1 |
|
|a Veselý, Zdeněk,
|d 1950-
|7 jn20000620407
|4 aut
|
| 245 |
1 |
0 |
|a Česká zahraniční politika do počátku 20. století :
|b (dokumenty) : výběr a komentáře /
|c Zdeněk Veselý
|
| 250 |
|
|
|a Vyd. 1.
|
| 260 |
|
|
|a Praha :
|b Oeconomica,
|c 2002
|
| 300 |
|
|
|a 296 s. :
|b faksim. ;
|c 21 cm
|
| 500 |
|
|
|a Vydavatel: Vysoká škola ekonomická v Praze
|
| 504 |
|
|
|a Obsahuje bibliografické odkazy
|
| 521 |
|
|
|a Určeno pro studium na VŠE Praha
|
| 648 |
|
4 |
|a 9.-19. stol.
|
| 650 |
0 |
7 |
|a zahraniční politika
|7 ph127522
|z Česko
|y 9.-19. stol.
|2 czenas
|
| 655 |
|
7 |
|a dokumenty
|7 fd132064
|2 czenas
|
| 651 |
|
7 |
|a Česko
|7 ge128065
|x dějiny
|y 9.-19. stol.
|2 czenas
|
| 651 |
|
7 |
|a Česko
|7 ge128065
|x zahraniční vztahy
|y 9.-19. stol.
|2 czenas
|
| 710 |
2 |
|
|a Vysoká škola ekonomická v Praze.
|b Středisko mezinárodních studií Jana Masaryka
|7 kn20010709168
|
| 910 |
|
|
|a BOA001
|b 2-1109.251
|
| 990 |
|
|
|a BK
|
| 996 |
6 |
|
|b 2610173397
|c 2-1109.251
|l MZK
|r Sklad / do 1 hodiny
|n 0
|p p.v.
|w 000632464
|u 000010
|a 1
|e BOA001
|j MZK50
|s P
|
| 996 |
7 |
|
|b 2610176938
|c 2-1109.251
|l MZK
|r Sklad / do 1 hodiny
|n 12
|p kup
|w 000632464
|u 000020
|a 1
|e BOA001
|j MZK50
|s A
|